000
00297nam a22001337a 4500
008
181022b xxu||||| |||| 00| 0 eng d
020
_a
9780262720281
041
_a
eng
080
_a
574
100
_a
9
101
_a
MJE
245
_a
International Enviromenttal
_c
Victor.D.G
942
_2
udc
_c
BK
999
_c
50450
_d
50450